LIBRARY & INFORMATION CENTRE, KCAET, TAVANUR

ONLINE PUBLIC ACCESS CATALOGUE (OPAC)

Nutrition and physical fitness / (Record no. 7581)

MARC details
000 -LEADER
fixed length control field 00471cam a2200181ua 4500
041 ## - LANGUAGE CODE
Language code of text/sound track or separate title eng
082 ## - DEWEY DECIMAL CLASSIFICATION NUMBER
Classification number 612.3
Item number BRI/NU
100 ## - MAIN ENTRY--AUTHOR NAME
Personal name Briggs, George M .
245 ## - TITLE STATEMENT
Title Nutrition and physical fitness /
250 ## - EDITION STATEMENT
Edition statement 11 /
260 ## - PUBLICATION, DISTRIBUTION, ETC. (IMPRINT)
Place of publication New Delhi :
Name of publisher C B S Publishers & Distributers ,
Year of publication 1984.
300 ## - PHYSICAL DESCRIPTION
Number of Pages 623 ; .
500 ## - GENERAL NOTE
General note ** Reference
700 1# - ADDED ENTRY--PERSONAL NAME
Personal name Calloway, .
942 ## - ADDED ENTRY ELEMENTS (KOHA)
Koha item type Books
Holdings
Withdrawn status Lost status Damaged status Home library Current library Date acquired Full call number Accession Number Koha item type
      KAUAET KAUAET 07/04/2012 612.3 16198 Reference
free website counter